Tiger can't sleep / (Record no. 113131)
[ view plain ]
| 000 -LEADER | |
|---|---|
| fixed length control field | 00477nam a2200169 a 4500 |
| 001 - CONTROL NUMBER | |
| control field | 4111 |
| 005 - DATE AND TIME OF LATEST TRANSACTION | |
| control field | 20140414132004.0 |
| 008 - FIXED-LENGTH DATA ELEMENTS--GENERAL INFORMATION | |
| fixed length control field | 090202s19uu xx 00 eng d |
| 020 ## - INTERNATIONAL STANDARD BOOK NUMBER | |
| International Standard Book Number | 978-0-545-06181-0 |
| 050 ## - LIBRARY OF CONGRESS CALL NUMBER | |
| Classification number | TR |
| Item number | T44 2006 |
| 100 ## - MAIN ENTRY--PERSONAL NAME | |
| Personal name | Fore, S.J. |
| 245 ## - TITLE STATEMENT | |
| Title | Tiger can't sleep / |
| Statement of responsibility, etc | by S. J. Fore ; illustrated by R. W. Alley. |
| 260 ## - PUBLICATION, DISTRIBUTION, ETC. (IMPRINT) | |
| Place of publication, distribution, etc | New York : |
| Name of publisher, distributor, etc | Scholastic, |
| Date of publication, distribution, etc | c2006. |
| 300 ## - PHYSICAL DESCRIPTION | |
| Extent | 1 v. (unpaged) : col., ill. ; |
| 700 ## - ADDED ENTRY--PERSONAL NAME | |
| Personal name | Alley, R.W., ill. |
| Withdrawn status | Lost status | Damaged status | Use restrictions | Home library | Current library | Shelving location | Date acquired | Source of acquisition | Cost, normal purchase price | Total Checkouts | Full call number | Barcode | Date last seen | Price effective from | Koha item type |
|---|---|---|---|---|---|---|---|---|---|---|---|---|---|---|---|
| Munich Library | Munich Library | Teachers Reference Section | 02/02/2009 | 125.00 | TR T44 2006 | M4624 | 04/14/2014 | 04/14/2014 | Books |